000 00595cam a2200169 a 4500
020 _a0137264984
082 0 0 _a005.13/3
_bROJ
_cMCE, L-38, p-162
100 1 _aRojiani, Kamal B.
_936670
245 1 0 _aProgramming in C with numerical methods for engineers /
_cK.B. Rojiani.
260 _aUpper Saddle River, N.J. :
_bPrentice Hall,
_c1996.
300 _axviii, 1130 p. :
_bill. ;
_c24 cm.
500 _aIncludes index.
526 _a0
_b0
_c0
_d005_133000000000000_ROJ
650 0 _aC (Computer program language)
_91226
650 0 _aEngineering mathematics
_xData processing.
_9133
942 _2ddc
_cBK
999 _c541675
_d541675